000 00452cam a2200145 4500500
005 20260322014320.0
041 _afre
042 _adc
100 1 0 _aTripon-Canseliet, Charlotte
_eauthor
245 0 0 _aOptoelectronics-microwave
260 _c2026.
500 _a83
786 0 _nElectronics | - | 2026-03-05 | p. 34-34
856 4 1 _uhttps://stm.cairn.info/electromagnetism-propagation--bdti42277210-e3335-page-34?lang=en&redirect-ssocas=7080
999 _c1788119
_d1788119